Statistics for AFL All Australian 2010

Click here to take the quiz!

General Stats

  • This quiz has been taken 56 times
  • The average score is 11 of 22

Answer Stats

HintAnswer% Correct
Centre Half Forward (STK)Nick Riewoldt
86%
Rover (GEE)Gary Ablett
78%
Ruck (FRE)Aaron Sandilands
76%
Full Back (GEE)Matthew Scarlett
73%
Back Pocket (GEE)Corey Enright
70%
Ruck Rover (CAR)Chris Judd
68%
Wing (GEE)Joel Selwood
65%
Full Forward (CAR)Brendon Fevola
62%
Half Forward Flank (COL)Dane Swan
57%
Centre (STK)Lenny Hayes
57%
Forward Pocket (BRI)Jonathon Brown
49%
I/C (WBU)Matthew Boyd
46%
Half Forward Flank (GEE)Paul Chapman
46%
I/C (STK)Brendon Goddard
41%
Wing (STK)Leigh Montagna
41%
Forward Pocket (COL)Leon Davis
41%
I/C (STK)Nick Dal Santo
41%
I/C (SYD)Adam Goodes
38%
Back Pocket (WBU)Brian Lake
27%
Half Back Flank (COL)Nick Maxwell
27%
Centre Half Back (SYD)Craig Bolton
11%
Half Back Flank (ADE)Simon Goodwin
11%

Score Distribution

Percentile by Number Answered

Percent of People with Each Score

Your Score History

You have not taken this quiz